000 01763nam a22002417a 4500
003 DO-SdBJH
005 20260622214509.0
008 260622b2025 |||d|||| |||| 00| 0 spa d
040 _aDO-SdBJH
_bspa
_cDO-SdBJH
041 0 _aspa
090 _aCT E-CEMA 0013
_bEGDC 2025
100 1 _aLorenzo Encarnación, Carmelo Francisco
_esustentante
245 1 0 _aRol de las herramientas tecnológicas en las operaciones de las Fuerzas Armadas de República Dominicana en la provincia Dajabón :
_bperíodo 2022 -2024 /
_cCarmelo Francisco Lorenzo Encarnación, Wanda Arelis Gómez Pérez ; asesor metodológico Johany Josefina Acevedo Cabrera ; asesor de contenido Plinio Mejía Pérez.
502 _aTesis y trabajos de grado (Especialidad en Comando y Estado Mayor Conjunto)--Universidad Nacional para la Defensa "General Juan Pablo Duarte y Díez", Santo Domingo, 2025.
504 _aIncluye referencias bibliográficas y anexos.
505 _aEvolución y generalidades de las herramientas tecnológicas y marco legal de las Fuerzas Armadas de república Dominicana -- Amenazas y Capacidades tecnológicas implementadas en las operaciones en la zona fronteriza -- Impacto de las herramientas tecnológicas en las operaciones militares en la provincia Dajabón (2022-2024).
650 7 _2lemb
_aFuerzas armadas
_vTesis y disertaciones académicas
_xInnovaciones tecnológicas
_xOperaciones militares
_zRepública Dominicana
650 7 _2lemb
_aVigilancia fronteriza
_vTesis y disertaciones académicas
_xTecnología militar
_y2022-2024
_zDajabón (República Dominicana)
700 1 _aGómez Pérez, Wanda Arelis
_esustentante
700 1 _aAcevedo Cabrera, Johany Josefina
_easesor metodológico
700 1 _aMejía Pérez, Plinio
_easesor de contenido
942 _2CL
_cT
999 _c8712
_d8712